000 00563nam a2200193Ia 4500
005 20250508151059.0
008 008 250505s9999 xx 000 0 eng d
037 _aTextual
040 _aFEDL
_beng
_cFEDL
041 _aeng
_2eng
084 _a500, DAV
_qFEDL
100 _aDavis Ira C
_9758370
245 0 _aScience: A story of discovery and progress
260 _aNew York, USA
_bHenry Holt and Company
_c1952
300 _axiv,562p
700 _a Burnett John Gross E Wayne
_9758371
942 _cTEXL
_h500, DAV
999 _c1327473
_d1327473